000 00430nmm a2200145Ia 4500
008 251105s9999||||xx |||||||||||||||||und||
041 _aspa
100 _aTorres, Diego
245 0 _aPrepárense para perder :
_b La era Mourinho 2010-2013
264 _a[Madrid, España] :
_bEdiciones B,
_c2013
300 _a250 páginas
650 _aTravel & Sports
856 _uhttps://public.digitaliapublishing.com/a/52801
942 _cCF
999 _c104691
_d104691